Normal view
MARC view
- LT, General RK Jasber Singh, PVSM
Entry Personal Name
001 - CONTROL NUMBER
- control field: 98453
003 - CONTROL NUMBER IDENTIFIER
- control field: NUST
005 - DATE AND TIME OF LATEST TRANSACTION
- control field: 20220824112555.0
008 - FIXED-LENGTH DATA ELEMENTS
- fixed length control field: 220824|| aca||aabn | a|a d
040 ## - CATALOGING SOURCE
- Original cataloging agency: NUST
- Transcribing agency: NUST
100 ## - HEADING--PERSONAL NAME
- Personal name: LT, General RK Jasber Singh, PVSM
670 ## - SOURCE DATA FOUND
- Source citation: Work cat.: (NUST)194051: LT, General RK Jasber Singh, PVSM , Python programming in Context /
